000 01213cam6a220033702 4500
001 zam00002537
008 951128s1965 xx eng u
035 _a(Sirsi) r19890
035 _a(MACHINE)SLC.
100 _aMacpherson, C. B.
_6A80984.1
245 1 4 _aThe real world of democracy.
260 _c1965.
949 _aJC433
_wlcc
_i33729000121181
_mMAIN
_p2500
_tSHORTLOAN
_lSHORTLOAN
949 _aJC433
_wlcc
_i-18082
_mMAIN
_tBOOK
_lON-SHELF
949 _aJC433
_wlcc
_i-18083
_mMAIN
_tBOOK
_lON-SHELF
949 _aJC433
_wlcc
_i-18085
_mMAIN
_tBOOK
_lON-SHELF
949 D _aJC433
_wlcc
_i-18086
_mMAIN
_tBOOK
_lON-SHELF
949 D _aJC433
_wlcc
_i-18087
_mMAIN
_tBOOK
_lON-SHELF
949 D _aJC433
_wlcc
_i-18088
_mMAIN
_tBOOK
_lON-SHELF
949 D _aJC433
_wlcc
_i-18089
_mMAIN
_tBOOK
_lON-SHELF
949 D _aJC433
_wlcc
_i-18090
_mMAIN
_tBOOK
_lON-SHELF
949 D _aJC433
_wlcc
_i33729000025754
_mMAIN
_p2500
_tBOOK
_lON-SHELF
004 19890
591 _aClass code: PL 110.
591 _aCourse: Introduction to government and politics.
591 _aSchool: S05.
591 _aLecturer: Dr. LAWSON, L.A.
591 _aNumber of Students: 170.
900 _2MAIN
_8JC433
_9MAC
_c2
909 _aBook
999 _c170140
_d170140